[Event "GER-ch51 V09 email"]
[Site "GER email"]
[Date "2019.04.14"]
[Round "?"]
[White "Geissler, Walter"]
[Black "Haumann, Joachim"]
[Result "1/2-1/2"]
[WhiteElo "2007"]
[BlackElo "2309"]
[PlyCount "91"]
[EventDate "2019.??.??"]
[EventType "tourn (corr)"]
[EventRounds "10"]
[EventCountry "GER"]
[SourceTitle "Corr 2022"]
[Source "ChessBase"]
[SourceDate "2021.10.24"]
[SourceVersion "1"]
[SourceVersionDate "2021.10.24"]
[SourceQuality "1"]

1. d4 d5 2. c4 c6 3. Nf3 Nf6 4. Nc3 e6 5. e3 Nbd7 6. Qc2 Bd6 7. Bd3 0-0 8. 0-0 dxc4 9. Bxc4 a6 10. e4 e5 11. Rd1 Qc7 12. h3 exd4 13. Nxd4 Re8 14. a4 Nc5 15. f3 Ne6 16. Be3 Nxd4 17. Bxd4 Be6 18. Bxe6 Rxe6 19. Ne2 g6 20. Rd3 Rae8 21. a5 Nd5 22. Qc4 Bf8 23. Bf2 Nb4 24. Rb3 Qe7 25. Nd4 Re5 26. Bg3 Rh5 27. Be1 c5 28. Ne2 Re5 29. Nf4 Qg5 30. Bxb4 Qxf4 31. Be1 Bd6 32. Qc1 R5e7 33. Qxf4 Bxf4 34. Kf1 Rd8 35. g3 Bd2 36. Ke2 Bxe1 37. Rxe1 f5 38. Rd3 Rde8 39. Re3 fxe4 40. Kd2 Rf7 41. Rxe4 Rd8+ 42. Ke2 Rd5 43. Kf2 c4 44. Rxc4 Rxa5 45. Rb4 Rd5 46. Rb6 1/2-1/2

[Event "GER-ch51 V09 email"]
[Site "GER email"]
[Date "2019.04.14"]
[Round "?"]
[White "Haumann, Joachim"]
[Black "Jung, Reiner"]
[Result "0-1"]
[WhiteElo "2309"]
[BlackElo "2310"]
[PlyCount "94"]
[EventDate "2019.??.??"]
[EventType "tourn (corr)"]
[EventRounds "10"]
[EventCountry "GER"]
[SourceTitle "Corr 2022"]
[Source "ChessBase"]
[SourceDate "2021.10.24"]
[SourceVersion "1"]
[SourceVersionDate "2021.10.24"]
[SourceQuality "1"]

1. c4 c5 2. Nc3 g6 3. g3 Nc6 4. Bg2 Bg7 5. Nf3 Rb8 6. 0-0 d6 7. b3 e5 8. d3 a6 9. Bb2 Nge7 10. Nh4 g5 11. Nf3 h6 12. Nd2 Bg4 13. Nd5 0-0 14. Re1 Bh5 15. a3 Nxd5 16. Bxd5 Qd7 17. Rb1 Kh7 18. b4 f5 19. bxc5 dxc5 20. Nf3 Rbe8 21. Ba1 b5 22. e4 Bxf3 23. Qxf3 Ne7 24. Rec1 f4 25. g4 Rc8 26. h3 Ng6 27. Rc2 Nh4 28. Qd1 f3 29. cxb5 axb5 30. Rcb2 Rb8 31. Bc4 h5 32. Qc1 Ng6 33. Qxg5 Nf4 34. Kh1 Rf6 35. Bxb5 Qc8 36. Qh4 Ng2 37. Qg5 hxg4 38. Be8 Rxb2 39. Bxb2 g3 40. Qh5+ Rh6 41. Bg6+ Kh8 42. Bf5 Rxh5 43. Bxc8 gxf2 44. Rf1 Nf4 45. Bg4 Rh4 46. Kh2 Nxd3 47. Bc3 Rh7 0-1

[Event "GER-ch51 V09 email"]
[Site "GER email"]
[Date "2019.04.14"]
[Round "?"]
[White "Haumann, Joachim"]
[Black "Seelig, Juergen"]
[Result "1/2-1/2"]
[WhiteElo "2309"]
[BlackElo "2325"]
[PlyCount "72"]
[EventDate "2019.??.??"]
[EventType "tourn (corr)"]
[EventRounds "10"]
[EventCountry "GER"]
[SourceTitle "Corr 2020"]
[Source "ChessBase"]
[SourceDate "2019.09.30"]
[SourceVersion "1"]
[SourceVersionDate "2019.09.30"]
[SourceQuality "1"]

1. d4 d5 2. c4 dxc4 3. Nf3 Nf6 4. e3 e6 5. Bxc4 c5 6. 0-0 a6 7. Bb3 Nc6 8. Nc3 Be7 9. dxc5 Qxd1 10. Rxd1 Bxc5 11. Bd2 Bd7 12. Rac1 Ba7 13. Be1 Ke7 14. Na4 Ne4 15. Bc2 Nd6 16. Ng5 h6 17. Ne4 Nxe4 18. Bxe4 f5 19. Bf3 e5 20. Nc5 Bxc5 21. Rxc5 Rhd8 22. Rdc1 Rac8 23. Bxc6 Rxc6 24. Rxe5+ Kf6 25. Rec5 Rxc5 26. Rxc5 Be6 27. f3 Kf7 28. Kf2 Rc8 29. Rxc8 Bxc8 30. e4 fxe4 31. fxe4 Bg4 32. Ke3 Bd1 33. Kd2 Ba4 34. Kd3 g6 35. Kd4 Ke6 36. b3 Bb5 1/2-1/2

[Event "GER-ch50 V03 email"]
[Site "GER email"]
[Date "2018.05.15"]
[Round "?"]
[White "Haumann, Joachim"]
[Black "Bars, Joachim"]
[Result "1/2-1/2"]
[WhiteElo "2307"]
[BlackElo "2377"]
[PlyCount "39"]
[EventDate "2018.??.??"]
[EventType "tourn (corr)"]
[EventRounds "10"]
[EventCountry "GER"]
[SourceTitle "Corr 2020"]
[Source "ChessBase"]
[SourceDate "2019.09.30"]
[SourceVersion "1"]
[SourceVersionDate "2019.09.30"]
[SourceQuality "1"]

1. d4 Nf6 2. c4 e6 3. Nf3 d5 4. Nc3 Be7 5. Bg5 h6 6. Bh4 0-0 7. e3 b6 8. cxd5 Nxd5 9. Bxe7 Qxe7 10. Nxd5 exd5 11. Rc1 Be6 12. Qa4 c5 13. Qa3 Rc8 14. Be2 a5 15. 0-0 Na6 16. dxc5 bxc5 17. Nd4 Nb4 18. Nxe6 Qxe6 19. Qa4 c4 20. Rfd1 1/2-1/2

[Event "GER-ch50 V03 email"]
[Site "GER email"]
[Date "2018.05.15"]
[Round "?"]
[White "Haumann, Joachim"]
[Black "Schmidt, Joerg"]
[Result "1/2-1/2"]
[WhiteElo "2307"]
[BlackElo "2382"]
[PlyCount "126"]
[EventDate "2018.??.??"]
[EventType "tourn (corr)"]
[EventRounds "10"]
[EventCountry "GER"]
[SourceTitle "Corr 2020"]
[Source "ChessBase"]
[SourceDate "2019.09.30"]
[SourceVersion "1"]
[SourceVersionDate "2019.09.30"]
[SourceQuality "1"]

1. d4 d5 2. Nf3 Nf6 3. c4 c6 4. Nc3 e6 5. e3 Nbd7 6. Qc2 Bd6 7. Bd3 dxc4 8. Bxc4 0-0 9. 0-0 a6 10. Rd1 b5 11. Be2 Qc7 12. Ne4 Nxe4 13. Qxe4 Bb7 14. Bd3 g6 15. Qh4 c5 16. Ng5 h5 17. Ne4 Bxe4 18. Bxe4 Rac8 19. Bd2 c4 20. f4 b4 21. Rdc1 Nb6 22. Qf2 a5 23. Be1 Qd7 24. a3 Be7 25. axb4 axb4 26. h3 Kg7 27. Ra5 Rc7 28. Rca1 c3 29. bxc3 bxc3 30. Qe2 Rfc8 31. Rc1 Nd5 32. f5 Nf6 33. fxe6 Qxe6 34. Bf3 c2 35. Qd3 Bd6 36. Kf2 Rb8 37. Ke2 Qb3 38. Qxb3 Rxb3 39. Ra2 Re7 40. Kf1 Rbxe3 41. Raxc2 Ne4 42. Bxe4 R7xe4 43. Rd1 Kf6 44. Ra2 Rf4+ 45. Bf2 Rf5 46. d5 Ree5 47. Ra6 Ke7 48. Ra5 Re4 49. Kg1 Rc4 50. Ra7+ Ke8 51. Ra8+ Kd7 52. Bb6 Rc8 53. Ra5 Rb8 54. Ra7+ Ke8 55. Be3 Rb5 56. Rc1 Kd8 57. g4 hxg4 58. hxg4 Rf3 59. Ra8+ Ke7 60. Bg5+ f6 61. Re1+ Kd7 62. Ra7+ Kd8 63. Be3 Rxe3 1/2-1/2

[Event "SM-2018-0-00391"]
[Site "LSS email"]
[Date "2018.03.25"]
[Round "?"]
[White "Haumann, Joachim"]
[Black "Wosch, Arkadiusz Janusz"]
[Result "1/2-1/2"]
[WhiteElo "2302"]
[BlackElo "2354"]
[PlyCount "47"]
[EventDate "2017.12.11"]
[EventType "tourn (corr)"]
[EventRounds "6"]
[EventCountry "GER"]
[SourceTitle "Corr 2022"]
[Source "ChessBase"]
[SourceDate "2021.10.24"]
[SourceVersion "1"]
[SourceVersionDate "2021.10.24"]
[SourceQuality "1"]

1. Nf3 Nf6 2. c4 g6 3. d4 Bg7 4. Nc3 d5 5. cxd5 Nxd5 6. e4 Nxc3 7. bxc3 c5 8. Rb1 0-0 9. Be2 cxd4 10. cxd4 Qa5+ 11. Bd2 Qxa2 12. 0-0 Bg4 13. Bg5 h6 14. Be3 Nc6 15. d5 Na5 16. Bc5 Bf6 17. e5 Bxe5 18. Rb4 Bxf3 19. Bxf3 Rfc8 20. Bxe7 Rc4 21. h4 h5 22. g3 Rxb4 23. Bxb4 Rd8 24. d6 1/2-1/2

[Event "SM-2018-0-00391"]
[Site "LSS email"]
[Date "2018.03.25"]
[Round "?"]
[White "Kahl, Fred"]
[Black "Haumann, Joachim"]
[Result "1/2-1/2"]
[WhiteElo "2395"]
[BlackElo "2302"]
[PlyCount "77"]
[EventDate "2017.12.11"]
[EventType "tourn (corr)"]
[EventRounds "6"]
[EventCountry "GER"]
[SourceTitle "Corr 2022"]
[Source "ChessBase"]
[SourceDate "2021.10.24"]
[SourceVersion "1"]
[SourceVersionDate "2021.10.24"]
[SourceQuality "1"]

1. d4 Nf6 2. Bg5 e6 3. e4 c5 4. d5 d6 5. Nc3 Be7 6. Bb5+ Bd7 7. Bxd7+ Qxd7 8. Nf3 exd5 9. Bxf6 Bxf6 10. Nxd5 Bxb2 11. Rb1 Bf6 12. 0-0 Nc6 13. Nd2 Bd8 14. Nc4 0-0 15. a4 Re8 16. Qd3 Ne5 17. Nxe5 Rxe5 18. f4 Re8 19. c4 Rb8 20. f5 Re5 21. f6 Qg4 22. Rbe1 g6 23. Re3 Kh8 24. Rf4 Qd7 25. Qd1 Qe6 26. Qc1 Ba5 27. Rh4 h5 28. Rg3 Kh7 29. Rg5 Rg8 30. g4 Rxg5 31. Qxg5 Qe5 32. Qxe5 dxe5 33. Rh3 Kh6 34. Kg2 Bd8 35. Kf2 Re8 36. gxh5 gxh5 37. Rb3 b6 38. Rg3 Re6 39. Rf3 1/2-1/2

[Event "GER-ch48 sf02 email"]
[Site "GER email"]
[Date "2016.04.03"]
[Round "?"]
[White "Haumann, Joachim"]
[Black "Hanel, Roland"]
[Result "1/2-1/2"]
[WhiteElo "2056"]
[BlackElo "2189"]
[PlyCount "43"]
[EventDate "2016.??.??"]
[EventType "tourn (corr)"]
[EventRounds "12"]
[EventCountry "GER"]
[SourceTitle "Corr 2022"]
[Source "ChessBase"]
[SourceDate "2021.10.24"]
[SourceVersion "1"]
[SourceVersionDate "2021.10.24"]
[SourceQuality "1"]

1. d4 d5 2. c4 c6 3. Nf3 Nf6 4. Nc3 e6 5. Bg5 h6 6. Bh4 dxc4 7. e4 g5 8. Bg3 b5 9. Be2 Bb7 10. 0-0 Nbd7 11. Ne5 Be7 12. f4 0-0 13. fxg5 hxg5 14. Qc2 Nxe5 15. Bxe5 Ne8 16. Rad1 f6 17. Bg3 Ng7 18. Kh1 Qe8 19. b3 b4 20. Na4 c3 21. Bc4 Kh8 22. Bc7 1/2-1/2

[Event "GER-ch 2014-D-V5 serv"]
[Site "GER email"]
[Date "2014.09.29"]
[Round "?"]
[White "Haumann, Joachim"]
[Black "Wassilieff, Hans Dieter"]
[Result "1/2-1/2"]
[WhiteElo "2087"]
[BlackElo "2033"]
[PlyCount "46"]
[EventDate "2014.10.06"]
[EventType "tourn (corr)"]
[EventRounds "6"]
[EventCountry "GER"]
[SourceTitle "Corr 2020"]
[Source "ChessBase"]
[SourceDate "2019.09.30"]
[SourceVersion "1"]
[SourceVersionDate "2019.09.30"]
[SourceQuality "1"]

1. d4 Nf6 2. c4 e6 3. g3 d5 4. Bg2 dxc4 5. Nf3 a6 6. 0-0 Nc6 7. Nc3 Rb8 8. e4 Be7 9. Qe2 Nxd4 10. Nxd4 Qxd4 11. Rd1 Qc5 12. e5 Nd7 13. Bf4 0-0 14. Ne4 Qa5 15. Qh5 Ra8 16. Rd4 f6 17. Ng5 fxg5 18. Be4 h6 19. Qg6 Nf6 20. exf6 Rxf6 21. Qh7+ Kf7 22. Bd2 Qb6 23. Be3 c5 1/2-1/2